| 000 | 01179nam a2200265 a 4500 | ||
|---|---|---|---|
| 001 | BRCA_4909 | ||
| 005 | 20190320204844.0 | ||
| 008 | 830808s1704####be-ab#####---#000-0#spa-# | ||
| 041 | _aspa | ||
| 044 | _abe | ||
| 050 | 4 |
_aF1230 _b.S65 1 _c1704 |
|
| 100 | 1 |
_aSolís y Rivadeneyra, Antonio de _d1610-1686 _912428 |
|
| 245 | 1 | 0 |
_aHistoria de la conquista de México _bpoblación y progresos de la América Septentrional conocida por el nombre de Nueva España _cescrivióla Antonio de Solís. |
| 260 |
_aBruselas _bCasa de Francisco Foppens _c1704 |
||
| 300 |
_a604 p. _bil., 1 mapa, 13 láminas _c36 cm. |
||
| 500 | _aIncluye dedicatoria a Maximiliano Emanuel, Duque de las dos Bavieras, biografía de Don Antonio de Solís y Rivadeneyra e índice de las cosas notables que contiene este libro | ||
| 500 | _aNueva edición enriquezida con diversas estampas y aumentada con la vida del autor que escrivió Don Juan de Goyeneche | ||
| 500 | _aEstado físico: Libro deteriorado | ||
| 500 | _aVer también DD10 | ||
| 500 | _aDD1 | ||
| 651 | 4 |
_aMéxico _xHistoria _yConquista, 1519-1540 _9442 |
|
| 700 | 1 |
_aGoyeneche, Juan de _d1656-1735 _912429 |
|
| 902 | _aGFM | ||
| 942 |
_2lcc _cB |
||
| 999 |
_c4603 _d4603 |
||